000
00211nam a2200121Ia 4500
100
_a
#N/A
942
_c
BK
654
_a
MAT
245
_a
PRACTICAL PAPERS
260
_b
#N/A
546
_a
ENGLISH
999
_c
31018
_d
31018